Pierre Verger, Andalucía 1935 (Record no. 195366)

MARC details
000 -LEADER
campo de control de longitud fija 01490cam a22003854 4500
001 - NÚMERO DE CONTROL
campo de control 195366
003 - IDENTIFICADOR DE NÚMERO DE CONTROL
campo de control SpMaBN
005 - FECHA Y HORA DE LA ÚLTIMA TRANSACCIÓN
campo de control 20250929063315.0
008 - DATOS DE LONGITUD FIJA--INFORMACIÓN GENERAL
campo de control de longitud fija 180208s2007 sp | |||| 000 spa
015 ## - NÚMERO DE BIBLIOGRAFÍA NACIONAL
Número de bibliografía nacional MON0810
017 ## - NÚMERO DE COPYRIGHT O DE DEPÓSITO LEGAL
Número de copyright o de depósito legal M 54072-2007
Agencia que asigna Oficina Depósito Legal Madrid
020 ## - NÚMERO INTERNACIONAL ESTÁNDAR DEL LIBRO
Número Internacional Estándar del Libro 9788483470572
024 7# - IDENTIFICADOR DE OTROS ESTÁNDARES
Número estándar o código 502-07-052-7
035 ## - NÚMERO DE CONTROL DEL SISTEMA
Número de control de sistema (OCoLC)434467844
040 ## - FUENTE DE CATALOGACIÓN
Centro catalogador/agencia de origen SpMaBN
Lengua de catalogación spa
Centro/agencia transcriptor SpMaBN
Normas de descripción rdc
080 ## - NÚMERO DE LA CLASIFICACIÓN DECIMAL UNIVERSAL
Número de la Clasificación Decimal Universal 77 Verger, Pierre (083.824)
080 ## - NÚMERO DE LA CLASIFICACIÓN DECIMAL UNIVERSAL
Número de la Clasificación Decimal Universal 913(460.35)(0:77)(083.824)
100 ## - ENTRADA PRINCIPAL--NOMBRE DE PERSONA
Nombre de persona Verger, Pierre,
Fechas asociadas al nombre 1902-1996
Número de control del registro de autoridad o número normalizado XX1174838
9 (RLIN) 236894
245 10 - MENCIÓN DEL TÍTULO
Título Pierre Verger, Andalucía 1935
Medio [Texto impreso]
260 ## - PUBLICACIÓN, DISTRIBUCIÓN, ETC.
Lugar de publicación, distribución, etc. [Madrid]
Nombre del editor, distribuidor, etc. Agencia Española de Cooperación Internacional
Fecha de publicación, distribución, etc. [2007]
300 ## - DESCRIPCIÓN FÍSICA
Extensión 217 p.
Otras características físicas principalmente il.
Dimensiones 23 x 33 cm
336 ## - TIPO DE CONTENIDO
Fuente rdacontent
Término de tipo de contenido texto
337 ## - TIPO DE MEDIO
Fuente rdamedia
Nombre/término del tipo de medio sin mediación
338 ## - TIPO DE SOPORTE
Fuente rdacarrier
Nombre/término del tipo de soporte volumen
500 ## - NOTA GENERAL
Nota general Catalogación provisional. Signatura: N-8940. Depósito J.
500 ## - NOTA GENERAL
Nota general Exposición itinerante
600 #0 - PUNTO DE ACCESO ADICIONAL DE MATERIA--NOMBRE DE PERSONA
Nombre de persona Verger, Pierre,
Fechas asociadas al nombre 1902-1996-
Subdivisión de forma Exposiciones
9 (RLIN) 236895
651 #7 - PUNTO DE ACCESO ADICIONAL DE MATERIA--NOMBRE GEOGRÁFICO
Nombre geográfico Andalucía
Subdivisión general En el arte
Subdivisión de forma Exposiciones
Fuente del encabezamiento o término embne
9 (RLIN) 236896
852 ## - LOCALIZACIÓN
Ubicación ES-MaACL
Sublocalización o colección R.152113
Ubicación en estantería Depósito J
Número de control de estantería N-8940
Encuadernación Encuadernación rústica con sobrecubiertas
Nota libre En proceso
Donativo/Legado Donación: editorial
942 ## - ELEMENTOS DE ENTRADA SECUNDARIOS (KOHA)
Fuente del sistema de clasificación o colocación Clasificación decimal universal
Tipo de ítem Koha Libro impreso
Suprimir en OPAC No

No items available.